000 03341cam a22004574i 4500
003 PE-LiUPU
005 20250731173406.0
008 150706s2007 miu r 000 0 spa d
020 _a9780825416132
035 _a(Sirsi) i9780825416132
040 _aPE-LiUPU
_bspa
_cPE-LiUPU
_erda
049 _aPRUA
082 0 4 _a248.4
_bS21
_221
100 1 _aSanders, J. Oswald,
_eautor.
245 1 0 _aMadurez espiritual :
_bprincipios de crecimiento espiritual para cada creyente /
_cJ. Oswald Sanders.
264 1 _aMichigan :
_bPortavoz,
_c2007.
300 _a190 páginas ;
_c22 centímetros
336 _atext
_2rdacontent
337 _aunmediated
_2rdamedia
338 _avolume
_2rdacarrier
505 0 _aLa predominante providencia de Dios "todas las cosas les ayudan a bien" -- La visión de postración de Dios "te ruego que me muestres tu gloria" -- La perseverancia no desalentadora de Dios "El Dios de Jacob" -- Las disciplinas discriminatorias de Dios "El que ara para sembrar, ¿arará todo el día?" -- La fuerza perfeccionada de Dios "mi poder se perfecciona en la debilidad" -- El antagonismo moral de Dios "seis cosas aborrecen Jehová. El corazón que maquina pensamientos inicuos" -- Las satisfactorias compensaciones de Dios "He aquí, yo veo cuatro varones. y el aspecto del cuarto es semejante a hijo de los dioses" -- La suprema visión de Cristo "Vi. a uno semejante al Hijo del Hombre! -- El valor trascendente de Cristo "El cordero que fue inmolado es digno" -- La obra no terminada de Cristo "Viviendo siempre para interceder por ellos" -- El ideal del carácter de Cristo "Bienaventurados los pobres en espíritu" -- Los términos del discipulado de Cristo "Viene a mí. Viene en pos de mí" -- Una carta personal de Cristo "Escribe al ángel de la iglesia de Éfeso." -- Una vida de reinado a través de Cristo "pues. reinarán en vida por uno solo, Jesucristo" -- El Espíritu: el aliento de Dios "vino del cielo un estruendo como de un viento [aliento]" -- El poder transformador del Espíritu. "Por tanto, . somos transformados. por el Espíritu del Señor" -- El fuego purificador del Espíritu "Entonces cayó fuego de Jehová" -- La poderosa dinámica del Espíritu "les hicieron cesar con poder y violencia" -- La pasión misionera del Espíritu "Recibiréis. el Espíritu Santo; y me seréis testigos. hasta lo último de la tierra" -- El Espíritu y el hablar en lenguas (1) "y comenzaron a hablar en otras lenguas" -- El Espíritu y el hablar en lenguas (2) "¿Hablan todos lenguas?".
526 _aSEG42
526 _aSEG41
526 _aSEG40
526 _aSEG39
526 _aP94
526 _aP87
526 _aP86
526 _aP85
526 _aP77
526 _aP76
526 _aP35
541 _g001-001091;
650 0 4 _aVida espiritual
_xCristianismo.
910 _agl
_bjv
_clch
_d20110810
942 _2ddc
_cBOOK
949 _a248.4 S21
_wDEWEY
_c1
_i63304
_lCCODEBUL1
_mBUL
_p10.00
_r0
_sY
_tBOOK
_u2015-7-6
_xTEOLOGIA
_PP35
_o.STAFF. Colección General
994 _aC0
_bPEPRU
596 _a1
999 _a248.4 S21
_wDEWEY
_c52305
_i63304
_d52305
_e2018-5-16
_f2021-11-10
_g5
_lCCODEBUL1
_mBUL
_n6
_p10.00
_q4
_r0
_sY
_tBOOK
_u2015-7-6
_xTEOLOGIA
_PP35
_0COMPRA
_o.STAFF. Colección Teología
980 _81
_gALBERTO SANCHEZ Responsable de Automatización